Study of system of maintenance of government buildings in C.P.W.D. (Record no. 492046)

000 -LEADER
fixed length control field 00426cam a22001217a 4500
008 - FIXED-LENGTH DATA ELEMENTS--GENERAL INFORMATION
fixed length control field 180718b2002 xxu||||| |||| 00| 0 eng d
082 ## - DEWEY DECIMAL CLASSIFICATION NUMBER
Classification number APPPA 2001-02 MIT/26
100 ## - MAIN ENTRY--PERSONAL NAME
Personal name Mittal, Rajesh
245 ## - TITLE STATEMENT
Title Study of system of maintenance of government buildings in C.P.W.D.
Statement of responsibility, etc. by Rajesh Mittal
260 ## - PUBLICATION, DISTRIBUTION, ETC.
Place of publication, distribution, etc. New Delhi
Name of publisher, distributor, etc. Indian Institute of Public Administration
Date of publication, distribution, etc. 2002
300 ## - PHYSICAL DESCRIPTION
Extent 170p.
650 ## - SUBJECT ADDED ENTRY--TOPICAL TERM
Topical term or geographic name entry element Buildings - Maintenance and repair
Holdings
Withdrawn status Lost status Damaged status Not for loan Permanent Location Current Location Date acquired Full call number Barcode Date last seen Price effective from Koha item type
        Indian Institute of Public Administration Indian Institute of Public Administration 2018-08-04 APPPA 2001-02 MIT/26 GR15931 2018-08-04 2018-08-04 GR

Powered by Koha